[Event "Muensterland Verbandsklasse playoff"]
[Site "Germany"]
[Date "2022.04.23"]
[Round "2.4"]
[White "Miethe, Christoph"]
[Black "Ennen, Joerg"]
[Result "1/2-1/2"]
[WhiteElo "1736"]
[BlackElo "1603"]
[PlyCount "51"]
[EventDate "2022.04.02"]
[EventType "team-tourn"]
[EventRounds "5"]
[EventCountry "GER"]
[SourceTitle "EXT 2023"]
[Source "ChessBase"]
[SourceDate "2022.10.05"]
[SourceVersion "1"]
[SourceVersionDate "2022.10.05"]
[SourceQuality "1"]
[WhiteTeam "Rheine Klein Berlin II"]
[BlackTeam "Muenster Indische Dame"]
[WhiteTeamCountry "GER"]
[BlackTeamCountry "GER"]

1. e4 c5 2. c3 e6 3. d4 b6 4. Nf3 Bb7 5. Bd3 Nf6 6. e5 Nd5 7. a3 cxd4 8. cxd4 Be7 9. 0-0 Nc6 10. Be4 Na5 11. b4 Nc4 12. Qb3 b5 13. Nc3 a6 14. Nxd5 Bxd5 15. Bxd5 exd5 16. Bf4 0-0 17. Rfd1 Qb6 18. h3 Qg6 19. Nd2 d6 20. exd6 Bxd6 21. Bxd6 Qxd6 22. Nf3 Rfe8 23. Re1 Rad8 24. Rad1 Qf4 25. Qa2 Qd6 26. Qb3 1/2-1/2

[Event "Muensterland Verbandsklasse 2122"]
[Site "Germany"]
[Date "2021.11.06"]
[Round "2.7"]
[White "Ennen, Joerg"]
[Black "Jeromin, Rudolf Gustav"]
[Result "1-0"]
[WhiteElo "1585"]
[BlackElo "1585"]
[PlyCount "41"]
[EventDate "2021.09.25"]
[EventType "team-tourn"]
[EventRounds "2"]
[EventCountry "GER"]
[SourceTitle "EXT 2023"]
[Source "ChessBase"]
[SourceDate "2022.10.05"]
[SourceVersion "1"]
[SourceVersionDate "2022.10.05"]
[SourceQuality "1"]
[WhiteTeam "Muenster Indische Dame"]
[BlackTeam "Hiltrup"]
[WhiteTeamCountry "GER"]
[BlackTeamCountry "GER"]

1. c4 e6 2. Nc3 Nf6 3. d4 d5 4. Bg5 Be7 5. e3 0-0 6. Nf3 Nbd7 7. Bd3 b6 8. 0-0 Bb7 9. Qe2 h6 10. Bh4 Ne4 11. Bxe7 Qxe7 12. Rac1 c5 13. cxd5 exd5 14. Rfd1 cxd4 15. exd4 Rfe8 16. Nb5 Rec8 17. Nc7 Rab8 18. Ba6 Bxa6 19. Qxa6 Ndf6 20. Nxd5 Qd7 21. Ne7+ 1-0